Pipeline / (Record no. 44560)
[ view plain ]
| 000 -LEADER | |
|---|---|
| fixed length control field | 00606cam a22002058i 4500 |
| 001 - CONTROL NUMBER | |
| control field | 20679495 |
| 008 - FIXED-LENGTH DATA ELEMENTS--GENERAL INFORMATION | |
| fixed length control field | 180924s2018 nyu 000 0 eng |
| 010 ## - LIBRARY OF CONGRESS CONTROL NUMBER | |
| LC control number | 2018042179 |
| 020 ## - INTERNATIONAL STANDARD BOOK NUMBER | |
| International Standard Book Number | 9781559365871 (trade paper) |
| 040 ## - CATALOGING SOURCE | |
| Original cataloging agency | DLC |
| Language of cataloging | eng |
| Description conventions | rda |
| Transcribing agency | CUZ |
| 050 00 - LIBRARY OF CONGRESS CALL NUMBER | |
| Classification number | PR6113.O7487 |
| Item number | MOR |
| 100 1# - MAIN ENTRY--PERSONAL NAME | |
| Personal name | Morisseau, Dominique, |
| Relator term | author. |
| 245 10 - TITLE STATEMENT | |
| Title | Pipeline / |
| Statement of responsibility, etc. | by Dominique Morisseau. |
| 264 #1 - PRODUCTION, PUBLICATION, DISTRIBUTION, MANUFACTURE, AND COPYRIGHT NOTICE | |
| Place of production, publication, distribution, manufacture | New York : |
| Name of producer, publisher, distributor, manufacturer | Theatre Communications Group, |
| Date of production, publication, distribution, manufacture, or copyright notice | 2018. |
| 300 ## - PHYSICAL DESCRIPTION | |
| Extent | 90 pages |
| Dimensions | 21 cm |
| 942 ## - ADDED ENTRY ELEMENTS (KOHA) | |
| Koha item type | OS Book |
| 336 ## - CONTENT TYPE | |
| Content type term | text |
| Content type code | txt |
| 337 ## - MEDIA TYPE | |
| Media type term | unmediated |
| Media type code | n |
| 338 ## - CARRIER TYPE | |
| Source | rdacarrier |
| Withdrawn status | Lost status | Source of classification or shelving scheme | Damaged status | Not for loan | Home library | Current library | Shelving location | Date acquired | Source of acquisition | Cost, normal purchase price | Inventory number | Total Checkouts | Full call number | Barcode | Date last seen | Cost, replacement price | Price effective from | Koha item type |
|---|---|---|---|---|---|---|---|---|---|---|---|---|---|---|---|---|---|---|
| CUZ Harare Campus | CUZ Harare Campus | Open Shelf | 31.08.2022 | Donation | 15.00 | CUZ14430 | PR6113.O7487 MOR | BK009302 | 22.05.2025 | 15.00 | 31.08.2022 | OS Book | ||||||
| CUZ Harare Campus | CUZ Harare Campus | Open Shelf | 31.08.2022 | Donation | 15.00 | CUZ14431 | PR6113.O7487 MOR | BK009301 | 22.05.2025 | 15.00 | 31.08.2022 | OS Book |